000 02926cam a22005775i 4500
001 23118426
005 20230523171303.0
008 230508s2023 nyu 000 1 eng d
010 _a 2023289111
020 _a9781639102051
_q(hardcover)
020 _a1639102051
_q(hardcover)
035 _a(OCoLC)on1356476659
040 _aNjBwBT
_beng
_cBLP
_erda
_dBLP
_dJVK
_dIH3
_dILC
_dOCLCQ
_dIMD
_dOCLCF
_dDLC
042 _alccopycat
043 _an-us-ga
082 0 4 _a813/.6
_223/eng/20221213
092 _aFiction
_bJones
100 1 _aJones, Valona,
_eauthor.
_96467949
245 1 0 _aSnuffed out /
_cValona Jones.
250 _aFirst edition.
264 1 _aNew York :
_bCrooked Lane,
_c2023.
264 4 _c©2023
300 _a295 pages ;
_c22 cm
336 _atext
337 _aunmediated
338 _avolume
490 1 _aA magic candle shop mystery ;
_v1
520 _aTwin sisters Tabby and Sage Winslow, owners of The Book and Candle Shop in Savannah, come to the aid of their shop clerk Gerald when he becomes the prime suspect in the murder of one of the shop's customers.
520 _aFraternal twins Tabby and Sage Winslow own The Book and Candle Shop in Savannah. Sage is hot-headed and impulsive while Tabby is calm and collected, making them the perfect partnership. Blithe McAdam had been seen in a heated argument with shop clerk Gerard-- and later found dead from a blow to the heat. The twins are convinced of Gerard's innocence and start digging into Blithe's past. The neighbor who found the body isn't talking, medical examiner Quig won't give any details about the autopsy, and nasty rumors begin surfacing about the drowning of Blithe's father years earlier. With the clock ticking, the twins find themselves in the grip of an unseen and deadly energy that has seeped into their midst-- and into the sights of a ruthless killer. -- adapted from jacket
650 0 _aTwin sisters
_vFiction.
_95745538
650 0 _aMagic
_vFiction.
_95673694
650 0 _aMurder
_xInvestigation
_vFiction.
_95673630
650 7 _aMagic.
_2fast
650 7 _aMurder
_xInvestigation.
_2fast
_988186
650 7 _aTwin sisters.
_2fast
651 0 _aSavannah (Ga.)
_vFiction.
_95703595
651 7 _aGeorgia
_zSavannah.
_2fast
_96467950
655 7 _aCozy mysteries.
_2fast
_95812499
655 7 _aDetective and mystery fiction.
_2fast
_95683641
655 7 _aFiction.
_2fast
_95673940
655 7 _aNovels.
_2fast
655 7 _aParanormal fiction.
_2fast
_95674233
655 7 _aCozy mysteries.
_2lcgft
_95812499
655 7 _aParanormal fiction.
_2lcgft
_95674233
655 7 _aDetective and mystery fiction.
_2lcgft
_95683641
655 7 _aNovels.
_2lcgft
800 1 _aJones, Valona.
_tMagic candle shop mystery ;
_v1.
_96467951
906 _a0
_bibc
_ccopycat
_d2
_encip
_f20
_gy-gencatlg
942 _2ddc
_cBOOK
999 _c384573
_d384573